[Event "DEM U16 2010"]
[Site "Oberhof GER"]
[Date "2010.05.25"]
[Round "4"]
[White "Pauly, Carlo"]
[Black "Berchtenbreiter, Maximilian"]
[Result "1-0"]
[Termination "normal"]
[Board "7"]
[WhiteElo "2040"]
[BlackElo "2262"]
[PlyCount "47"]
[WhiteFideId "24673269"]
[BlackFideId "24641120"]
[EventCountry "GER"]
[EventRounds "9"]
[EventType "swiss"]
[EventDate "2010.05.22"]

1. c4 e5 2. g3 Nc6 3. Bg2 Bc5 4. Nc3 a6 5. e3 Ba7 6. Nge2 d6 7. O-O h5 8. h3 h4
9. g4 f5 10. Qc2 Nge7 11. f3 Be6 12. Nd5 Qd7 13. Nec3 Kd8 14. Kh2 e4 15. gxf5
exf3 16. fxe6 fxg2 17. Rf8+ Rxf8 18. exd7 Ne5 19. Kxg2 Rf3 20. Ne4 Nf5 21. d4
Bxd4 22. exd4 Nd3 23. Qd1 Nxd4 24. Be3 1-0

[Event "DEM U16 2010"]
[Site "Oberhof GER"]
[Date "2010.05.25"]
[Round "4"]
[White "Kropman, Alexei"]
[Black "Titgemeyer, Sven"]
[Result "1/2-1/2"]
[Termination "normal"]
[Board "8"]
[WhiteElo "1980"]
[BlackElo "1957"]
[PlyCount "49"]
[WhiteFideId "24670723"]
[BlackFideId "24676934"]
[EventCountry "GER"]
[EventRounds "9"]
[EventType "swiss"]
[EventDate "2010.05.22"]

1. e4 e5 2. Nf3 Nc6 3. Bc4 Nf6 4. d3 Be7 5. O-O O-O 6. Re1 d6 7. a4 Kh8 8. a5
Rb8 9. h3 Be6 10. Nc3 a6 11. Ng5 Nd4 12. Nxe6 fxe6 13. Ne2 Nxe2+ 14. Qxe2 Qd7
15. Bb3 c5 16. Bd2 Ng8 17. Rf1 Bf6 18. Qg4 Ne7 19. Qxe6 Qc7 20. Ba4 Rbd8 21. c4
Ng6 22. g3 Be7 23. Bd1 Rf6 24. Qg4 Nf4 25. Bxf4 1/2-1/2

[Event "DEM U16 2010"]
[Site "Oberhof GER"]
[Date "2010.05.25"]
[Round "4"]
[White "Mertens, Fridolin"]
[Black "Frischmann, Rick"]
[Result "1-0"]
[Termination "normal"]
[Board "10"]
[WhiteElo "1877"]
[BlackElo "1948"]
[PlyCount "67"]
[WhiteFideId "24671940"]
[BlackFideId "24660752"]
[EventCountry "GER"]
[EventRounds "9"]
[EventType "swiss"]
[EventDate "2010.05.22"]

1. e4 c5 2. Nf3 Nc6 3. d4 cxd4 4. Nxd4 Nf6 5. Nc3 e5 6. Ndb5 d6 7. Bg5 a6 8.
Na3 b5 9. Bxf6 gxf6 10. Nd5 f5 11. exf5 Bxf5 12. c3 Bg7 13. Qf3 Bd7 14. Bd3 O-O
15. g4 Rb8 16. Nc2 Qh4 17. Nce3 Rfe8 18. Be4 Nd4 19. Qg3 Qg5 20. h4 Qd8 21. g5
Kh8 22. h5 f5 23. gxf6 Bxf6 24. Bxh7 Bg5 25. Bg6 Rf8 26. cxd4 exd4 27. Nc2 Bc6
28. Qd3 Bxd5 29. Qxd4+ Qf6 30. Qxd5 Qxf2+ 31. Kd1 Bf6 32. Rb1 Rbc8 33. Re1 Rc5
34. Qb7 1-0

[Event "DEM U16 2010"]
[Site "Oberhof GER"]
[Date "2010.05.25"]
[Round "4"]
[White "Hötte, Philipp"]
[Black "Mirke, Roy"]
[Result "0-1"]
[Termination "normal"]
[Board "11"]
[WhiteElo "1942"]
[BlackElo "1797"]
[PlyCount "52"]
[WhiteFideId "24696390"]
[BlackFideId "24647306"]
[EventCountry "GER"]
[EventRounds "9"]
[EventType "swiss"]
[EventDate "2010.05.22"]

1. e4 e6 2. d4 d5 3. Nd2 Nf6 4. e5 Nfd7 5. Bd3 c5 6. c3 Nc6 7. Ne2 cxd4 8. cxd4
Qb6 9. Nf3 f6 10. exf6 Nxf6 11. O-O Bd6 12. Rb1 Bd7 13. Bf4 Nb4 14. Bxd6 Qxd6
15. Ne5 O-O 16. Nf4 Nxd3 17. Nfxd3 Bb5 18. Re1 Bxd3 19. Qxd3 Nd7 20. Nf3 Rae8
21. Ng5 Nf6 22. Qh3 e5 23. Qg3 Nh5 24. dxe5 Qg6 25. Qe3 Nf4 26. Qg3 Rxe5 0-1

[Event "DEM U16 2010"]
[Site "Oberhof GER"]
[Date "2010.05.25"]
[Round "4"]
[White "Planner, Jörg"]
[Black "Schmitz, Stefan"]
[Result "0-1"]
[Termination "normal"]
[Board "12"]
[WhiteElo "1696"]
[BlackElo "1908"]
[PlyCount "56"]
[WhiteFideId "1270978"]
[BlackFideId "4625730"]
[EventCountry "GER"]
[EventRounds "9"]
[EventType "swiss"]
[EventDate "2010.05.22"]

1. e4 e5 2. f4 Bc5 3. Nf3 d6 4. Nc3 Nc6 5. Na4 Bb6 6. Bb5 Bd7 7. Nxb6 axb6 8.
d3 Nf6 9. Bxc6 Bxc6 10. fxe5 dxe5 11. Nxe5 O-O 12. Nxc6 bxc6 13. O-O Ra5 14.
Bd2 Re5 15. Bc3 Rg5 16. Bxf6 gxf6 17. Kh1 Kh8 18. Qd2 Qd6 19. Qf4 Kg7 20. Rf3
Rg8 21. Raf1 Rg6 22. e5 Qd5 23. exf6+ Kh8 24. Qh4 Rxg2 25. Qe4 Qh5 26. h3 h6
27. Re3 Qg5 28. Ree1 Qg3 0-1

[Event "DEM U16 2010"]
[Site "Oberhof GER"]
[Date "2010.05.25"]
[Round "4"]
[White "Brodmann, Anton"]
[Black "Grzeca, Pascal"]
[Result "1-0"]
[Termination "normal"]
[Board "13"]
[WhiteElo "1844"]
[BlackElo "1887"]
[PlyCount "55"]
[WhiteFideId "24655481"]
[BlackFideId "24600741"]
[EventCountry "GER"]
[EventRounds "9"]
[EventType "swiss"]
[EventDate "2010.05.22"]

1. e4 e5 2. Nf3 Nc6 3. d4 exd4 4. Bc4 Nf6 5. O-O Bc5 6. e5 d5 7. exf6 dxc4 8.
Re1+ Be6 9. fxg7 Rg8 10. Bg5 Qd5 11. Nc3 Qf5 12. Ne4 Rxg7 13. Nf6+ Kf8 14. h4
Be7 15. g4 Qb5 16. Nxd4 Qxb2 17. Nxe6+ fxe6 18. Rb1 Qd4 19. Rxe6 Kf7 20. Qe2
Rg6 21. Rxb7 Bd6 22. Re8 Rxf6 23. Rxa8 Re6 24. Qf3+ Kg7 25. Rxc7+ Bxc7 26. Qf8+
Kg6 27. Qh6+ Kf7 28. Rf8# 1-0

[Event "DEM U16 2010"]
[Site "Oberhof GER"]
[Date "2010.05.25"]
[Round "4"]
[White "Braun, Georg"]
[Black "Mons, Leon"]
[Result "0-1"]
[Termination "normal"]
[Board "14"]
[WhiteElo "2074"]
[BlackElo "2167"]
[PlyCount "106"]
[WhiteFideId "24629383"]
[BlackFideId "4614950"]
[EventCountry "GER"]
[EventRounds "9"]
[EventType "swiss"]
[EventDate "2010.05.22"]

1. e4 g6 2. d4 Bg7 3. Nc3 d6 4. Be3 a6 5. f4 b5 6. Bd3 Nd7 7. Nf3 Bb7 8. h3 c5
9. a3 cxd4 10. Bxd4 Bxd4 11. Nxd4 Qb6 12. Nde2 Ngf6 13. Qd2 O-O 14. Ng3 Rfc8
15. Qf2 Qxf2+ 16. Kxf2 Nb6 17. Ke3 Nc4+ 18. Bxc4 Rxc4 19. Rhd1 Rc5 20. Nge2
Rac8 21. Rd4 Nd7 22. Kd2 R5c7 23. Rc1 Nc5 24. g3 Kg7 25. b3 h5 26. h4 f5 27.
exf5 gxf5 28. a4 bxa4 29. b4 Ne4+ 30. Nxe4 Bxe4 31. c3 Kf6 32. Ke3 Bc6 33. Kd2
Bb5 34. Ng1 Rg8 35. c4 Rgc8 36. c5 dxc5 37. bxc5 Rxc5 38. Rxc5 Rxc5 39. Rb4 Rc4
40. Rxc4 Bxc4 41. Nf3 a3 42. Kc2 a2 43. Kb2 e6 44. Ne5 Bd5 45. Ka1 Ke7 46. Kb2
Kd6 47. Ka1 Kc5 48. Nd7+ Kd4 49. Nf6 Bf3 50. Kxa2 Ke3 51. Nh7 Kf2 52. Nf8 Kxg3
53. Ng6 Bd5+ 0-1

[Event "DEM U16 2010"]
[Site "Oberhof GER"]
[Date "2010.05.25"]
[Round "5"]
[White "Miller, Eduard"]
[Black "Dünzel, Jonas"]
[Result "0-1"]
[Termination "normal"]
[Board "1"]
[WhiteElo "2033"]
[BlackElo "2037"]
[PlyCount "146"]
[WhiteFideId "24687022"]
[BlackFideId "24631167"]
[EventCountry "GER"]
[EventRounds "9"]
[EventType "swiss"]
[EventDate "2010.05.22"]

1. e4 c5 2. Nf3 e6 3. c3 Nf6 4. e5 Nd5 5. d4 cxd4 6. cxd4 b6 7. Nc3 Nxc3 8.
bxc3 Qc7 9. Bd2 Bb7 10. Bd3 d6 11. O-O Be7 12. Qe2 Nd7 13. Bf4 Rc8 14. Rac1
dxe5 15. Nxe5 Nxe5 16. Bxe5 Bd6 17. Bb5+ Kf8 18. f4 Bxe5 19. fxe5 h5 20. Qd2
Be4 21. Ba4 Rh6 22. Rf4 Bf5 23. Bb3 Rg6 24. c4 Rg4 25. Rcf1 Rd8 26. Qe3 Rc8 27.
h3 Rxf4 28. Qxf4 a5 29. g4 hxg4 30. hxg4 Bg6 31. d5 a4 32. dxe6 axb3 33. axb3
Re8 34. exf7 Rxe5 35. b4 Re7 36. Qf3 Bxf7 37. g5 Qd6 38. Qf5 Qd4+ 39. Rf2 Re1+
40. Kg2 Qe4+ 41. Qxe4 Rxe4 42. Kg3 Ke7 43. c5 Rxb4 44. cxb6 Rxb6 45. Re2+ Re6
46. Rb2 Re4 47. Rb7+ Kf8 48. Kf3 Rc4 49. Ra7 Bd5+ 50. Kg3 Be6 51. Kf3 Bf5 52.
Ra5 g6 53. Ra6 Kf7 54. Ra7+ Ke6 55. Ra6+ Kd5 56. Ra5+ Rc5 57. Ra1 Rc3+ 58. Kf4
Rc4+ 59. Kf3 Bg4+ 60. Kg3 Bh5 61. Ra5+ Rc5 62. Ra1 Ke5 63. Kh4 Rc4+ 64. Kh3 Kf4
65. Ra5 Bg4+ 66. Kh4 Bf5 67. Ra4 Re4 68. Ra3 Ke5+ 69. Kg3 Rg4+ 70. Kf3 Rxg5 71.
Ra5+ Kf6 72. Ra6+ Be6 73. Kf4 Rf5+ 0-1

[Event "DEM U16 2010"]
[Site "Oberhof GER"]
[Date "2010.05.25"]
[Round "5"]
[White "Göbel, Constantin"]
[Black "Bräuer, Franz"]
[Result "1-0"]
[Termination "normal"]
[Board "3"]
[WhiteElo "2011"]
[BlackElo "1993"]
[PlyCount "89"]
[WhiteFideId "24647071"]
[BlackFideId "24634468"]
[EventCountry "GER"]
[EventRounds "9"]
[EventType "swiss"]
[EventDate "2010.05.22"]

1. e4 e5 2. Nf3 Nc6 3. Bb5 a6 4. Ba4 Nf6 5. O-O Be7 6. Re1 b5 7. Bb3 O-O 8. h3
d6 9. c3 Na5 10. Bc2 c5 11. d4 Qc7 12. Nbd2 Nc6 13. d5 Nd8 14. b4 cxb4 15. cxb4
a5 16. bxa5 Nb7 17. Nb3 Nxa5 18. Nxa5 Rxa5 19. Bd2 Ra8 20. Bd3 Bd7 21. Qe2 Rfb8
22. Reb1 Rb7 23. Rb2 Rba7 24. Rc1 Qd8 25. Bb4 Nh5 26. Bxb5 Nf4 27. Qc4 Bxb5 28.
Qxb5 Rxa2 29. Rxa2 Rxa2 30. Bd2 g5 31. Bxf4 gxf4 32. Qb3 Qa8 33. Qc3 Kg7 34.
Qc7 Ra7 35. Qc6 Qb8 36. Qc2 Ra5 37. Qe2 Qa7 38. Nh4 Rc5 39. Nf5+ Kf8 40. Rb1
Qc7 41. Kh2 Ke8 42. Qa6 Ra5 43. Qb7 Ra7 44. Qb5+ Kd8 45. Ng7 1-0

[Event "DEM U16 2010"]
[Site "Oberhof GER"]
[Date "2010.05.25"]
[Round "5"]
[White "Kotainy, Jens"]
[Black "Mons, Leon"]
[Result "1/2-1/2"]
[Termination "normal"]
[Board "4"]
[WhiteElo "2243"]
[BlackElo "2167"]
[PlyCount "77"]
[WhiteFideId "24670499"]
[BlackFideId "4614950"]
[EventCountry "GER"]
[EventRounds "9"]
[EventType "swiss"]
[EventDate "2010.05.22"]

1. e4 g6 2. d4 Bg7 3. Nc3 d6 4. f4 Nf6 5. Nf3 c5 6. dxc5 Qa5 7. Qd4 dxc5 8. Qc4
O-O 9. e5 Be6 10. Qb5 Qxb5 11. Bxb5 Nd5 12. Nxd5 Bxd5 13. Be3 a6 14. Be2 Nd7
15. O-O-O e6 16. c4 Bc6 17. Rd6 Rfd8 18. Rhd1 Bf8 19. R6d2 Be7 20. Bf2 Kf8 21.
g4 b5 22. Ne1 Ke8 23. Nc2 Nb6 24. Rxd8+ Rxd8 25. Rxd8+ Kxd8 26. Nb4 cxb4 27.
Bxb6+ Kd7 28. cxb5 Bxb5 29. Bxb5+ axb5 30. Be3 Kc6 31. h3 Kd5 32. Kc2 Ke4 33.
Bd2 g5 34. fxg5 Kxe5 35. Kd3 Bd6 36. b3 Kd5 37. Be1 e5 38. h4 e4+ 39. Ke2
1/2-1/2

[Event "DEM U16 2010"]
[Site "Oberhof GER"]
[Date "2010.05.25"]
[Round "5"]
[White "Wenninger, Philipp"]
[Black "Pauly, Carlo"]
[Result "1-0"]
[Termination "normal"]
[Board "5"]
[WhiteElo "1996"]
[BlackElo "2040"]
[PlyCount "75"]
[WhiteFideId "4648404"]
[BlackFideId "24673269"]
[EventCountry "GER"]
[EventRounds "9"]
[EventType "swiss"]
[EventDate "2010.05.22"]

1. d4 d5 2. c4 Nc6 3. cxd5 Qxd5 4. Nf3 e5 5. Nc3 Bb4 6. e3 Nf6 7. Bd2 Bxc3 8.
Bxc3 exd4 9. Bxd4 Nxd4 10. Qxd4 Qa5+ 11. b4 Qb6 12. Be2 O-O 13. O-O Be6 14.
Rfd1 c6 15. Qh4 h6 16. a3 a5 17. Nd4 Rfe8 18. bxa5 Rxa5 19. Nxe6 Rxe6 20. Qb4
Qxb4 21. axb4 Rxa1 22. Rxa1 Rd6 23. Ra8+ Kh7 24. Ra7 Rd2 25. Kf1 Rb2 26. Bd3+
g6 27. Rxb7 Kg7 28. Bc4 Nd5 29. Bxd5 cxd5 30. b5 Kf6 31. b6 Ke6 32. Rb8 Kd6 33.
b7 Kc6 34. Rc8+ Kxb7 35. Rf8 f5 36. Rf7+ Ka6 37. Rd7 Kb5 38. Rb7+ 1-0

[Event "DEM U16 2010"]
[Site "Oberhof GER"]
[Date "2010.05.25"]
[Round "5"]
[White "Hager, Joshua Aarash"]
[Black "Titgemeyer, Sven"]
[Result "0-1"]
[Termination "normal"]
[Board "6"]
[WhiteElo "2221"]
[BlackElo "1957"]
[PlyCount "48"]
[WhiteFideId "24642789"]
[BlackFideId "24676934"]
[EventCountry "GER"]
[EventRounds "9"]
[EventType "swiss"]
[EventDate "2010.05.22"]

1. e4 e5 2. Nf3 Nc6 3. Bb5 a6 4. Ba4 Nf6 5. O-O Be7 6. Re1 b5 7. Bb3 O-O 8. c3
d5 9. exd5 Nxd5 10. Nxe5 Nxe5 11. Rxe5 Nf6 12. d4 Bd6 13. Re1 Ng4 14. h3 Nxf2
15. Qf3 Qh4 16. Re2 Bxh3 17. gxh3 Nxh3+ 18. Kf1 g5 19. Rg2 Rae8 20. Bd2 Re6 21.
Na3 Qh6 22. Bc2 Rf6 23. Bf5 Nf4 24. Qg4 Rxf5 0-1

[Event "DEM U16 2010"]
[Site "Oberhof GER"]
[Date "2010.05.25"]
[Round "5"]
[White "Wolf, Christoph"]
[Black "Friedrich, Wiede"]
[Result "1/2-1/2"]
[Termination "normal"]
[Board "7"]
[WhiteElo "1980"]
[BlackElo "2138"]
[PlyCount "47"]
[WhiteFideId "24650633"]
[BlackFideId "24629537"]
[EventCountry "GER"]
[EventRounds "9"]
[EventType "swiss"]
[EventDate "2010.05.22"]

1. d4 d5 2. Nf3 Nf6 3. e3 e6 4. Bd3 c5 5. c3 Nbd7 6. O-O Bd6 7. Nbd2 O-O 8. Re1
Qc7 9. e4 cxd4 10. cxd4 dxe4 11. Nxe4 Nxe4 12. Bxe4 Nf6 13. Bd3 Bd7 14. Bg5 Bc6
15. Rc1 Bf4 16. Bxf6 gxf6 17. Rc5 Rfd8 18. g3 Bd6 19. Rh5 f5 20. Ng5 Be7 21.
Nxf7 Rxd4 22. Nh6+ Kh8 23. Qc2 Qd7 24. Bc4 1/2-1/2

[Event "DEM U16 2010"]
[Site "Oberhof GER"]
[Date "2010.05.25"]
[Round "5"]
[White "Mirke, Roy"]
[Black "Sarchisov, Slavik"]
[Result "0-1"]
[Termination "normal"]
[Board "8"]
[WhiteElo "1797"]
[BlackElo "2102"]
[PlyCount "82"]
[WhiteFideId "24647306"]
[BlackFideId "24647888"]
[EventCountry "GER"]
[EventRounds "9"]
[EventType "swiss"]
[EventDate "2010.05.22"]

1. d4 Nf6 2. Nf3 e6 3. e3 c5 4. c3 b6 5. Bd3 Bb7 6. Nbd2 Nc6 7. Qe2 cxd4 8.
exd4 Be7 9. O-O O-O 10. Re1 Qc7 11. Nf1 Rfe8 12. Ng3 d6 13. Ng5 g6 14. N3e4 d5
15. Nxf6+ Bxf6 16. Qg4 e5 17. Qg3 Qd7 18. Qh4 h5 19. Be3 exd4 20. cxd4 Nb4 21.
Rad1 Nxd3 22. Rxd3 Qf5 23. Rc3 Bxg5 24. Qg3 Bxe3 25. fxe3 Rac8 26. Rc7 Rxc7 27.
Qxc7 Qc8 28. Qf4 Re4 29. Qg5 Qd7 30. Qg3 Qc8 31. Qg5 Qd7 32. Qf6 Qe7 33. Qf2
Qg5 34. g3 Ba6 35. Kg2 h4 36. Qc2 Rxe3 37. Rxe3 Qxe3 38. Qc7 h3+ 39. Kxh3 Bf1+
40. Kh4 Qh6+ 41. Kg4 Be2# 0-1

[Event "DEM U16 2010"]
[Site "Oberhof GER"]
[Date "2010.05.25"]
[Round "5"]
[White "Zimmermann, Ulrich"]
[Black "Mertens, Fridolin"]
[Result "0-1"]
[Termination "normal"]
[Board "9"]
[WhiteElo "2022"]
[BlackElo "1877"]
[PlyCount "128"]
[WhiteFideId "24654523"]
[BlackFideId "24671940"]
[EventCountry "GER"]
[EventRounds "9"]
[EventType "swiss"]
[EventDate "2010.05.22"]

1. e4 c5 2. c3 Qa5 3. Nf3 Nf6 4. e5 Nd5 5. d4 cxd4 6. Bc4 e6 7. O-O dxc3 8.
Nxc3 Nxc3 9. bxc3 Nc6 10. Qe2 d5 11. Bd3 Qxc3 12. Bd2 Qa3 13. Rab1 Qe7 14. Rb3
Qc7 15. Rc1 Be7 16. a4 h6 17. a5 a6 18. Bb1 Qd8 19. Rb6 Ba3 20. Rc2 Qe7 21. Rb3
Bb4 22. Rxc6 Bxd2 23. Rxc8+ Rxc8 24. Qxd2 Qc7 25. g3 Qc1+ 26. Qxc1 Rxc1+ 27.
Kg2 Rc7 28. Kf1 Kd7 29. Ke2 Rb8 30. Bd3 Rd8 31. Nd4 Kc8 32. Rb4 Rdd7 33. Kd2
Rc5 34. Nb3 Rc6 35. Rg4 g6 36. Nd4 Rc5 37. Nb3 Rc6 38. Rh4 h5 39. Rb4 Rc4 40.
Rb6 h4 41. Ke3 hxg3 42. hxg3 Rc3 43. Kd4 Rdc7 44. f4 Kd7 45. g4 R3c6 46. Rxc6
Kxc6 47. f5 gxf5 48. gxf5 b6 49. fxe6 fxe6 50. axb6 Kxb6 51. Bxa6 Kxa6 52. Nc5+
Rxc5 53. Kxc5 Kb7 54. Kd6 d4 55. Kxe6 d3 56. Kf7 d2 57. e6 d1=Q 58. e7 Qf3+ 59.
Kg8 Qg4+ 60. Kf8 Qf5+ 61. Kg8 Qg6+ 62. Kf8 Qf6+ 63. Ke8 Kc6 64. Kd8 Kd6 0-1

[Event "DEM U16 2010"]
[Site "Oberhof GER"]
[Date "2010.05.25"]
[Round "5"]
[White "Kügel, Tobias"]
[Black "Kropman, Alexei"]
[Result "1/2-1/2"]
[Termination "normal"]
[Board "10"]
[WhiteElo "1939"]
[BlackElo "1980"]
[PlyCount "40"]
[WhiteFideId "4636295"]
[BlackFideId "24670723"]
[EventCountry "GER"]
[EventRounds "9"]
[EventType "swiss"]
[EventDate "2010.05.22"]

1. e4 e5 2. Bc4 Nf6 3. Nf3 Nxe4 4. Nc3 Nf6 5. Nxe5 d5 6. Bb3 Bd6 7. d4 c6 8.
Bg5 O-O 9. O-O Nbd7 10. Ng4 h6 11. Bh4 Be7 12. Re1 Re8 13. Qe2 Kf8 14. Nxf6
Bxf6 15. Qxe8+ Qxe8 16. Rxe8+ Kxe8 17. Bxf6 Nxf6 18. f3 Bf5 19. Ne2 Kd7 20. Kf2
Re8 1/2-1/2

[Event "DEM U16 2010"]
[Site "Oberhof GER"]
[Date "2010.05.25"]
[Round "5"]
[White "Frischmann, Rick"]
[Black "Planner, Jörg"]
[Result "1-0"]
[Termination "normal"]
[Board "11"]
[WhiteElo "1948"]
[BlackElo "1696"]
[PlyCount "83"]
[WhiteFideId "24660752"]
[BlackFideId "1270978"]
[EventCountry "GER"]
[EventRounds "9"]
[EventType "swiss"]
[EventDate "2010.05.22"]

1. e4 c6 2. Nf3 d5 3. exd5 cxd5 4. Ne5 Qc7 5. d4 e6 6. c3 Bd6 7. f4 Ne7 8. Bd3
Nbc6 9. O-O Bd7 10. Qh5 Bxe5 11. fxe5 O-O-O 12. Na3 a6 13. b4 Na7 14. Bg5 Be8
15. Qe2 b5 16. Nc2 h6 17. Bxe7 Qxe7 18. a4 Kb7 19. axb5 Bxb5 20. c4 dxc4 21.
Bxc4 Bxc4 22. Qxc4 Nb5 23. Qd3 Kb6 24. Ra5 Rd5 25. Ne3 Rxd4 26. Rxb5+ axb5 27.
Qxd4+ Kb7 28. Ra1 Kb8 29. Ra6 Qc7 30. Qb6+ Qxb6 31. Rxb6+ Kc7 32. Rxb5 Ra8 33.
Rc5+ Kb7 34. Nc4 f6 35. exf6 gxf6 36. b5 e5 37. Rc6 Ra4 38. Nd6+ Kb8 39. b6
Ra1+ 40. Kf2 Ra2+ 41. Kg3 Ra3+ 42. Kg4 1-0

[Event "DEM U16 2010"]
[Site "Oberhof GER"]
[Date "2010.05.25"]
[Round "5"]
[White "Schmitz, Stefan"]
[Black "Brodmann, Anton"]
[Result "1-0"]
[Termination "normal"]
[Board "12"]
[WhiteElo "1908"]
[BlackElo "1844"]
[PlyCount "101"]
[WhiteFideId "4625730"]
[BlackFideId "24655481"]
[EventCountry "GER"]
[EventRounds "9"]
[EventType "swiss"]
[EventDate "2010.05.22"]

1. e4 e6 2. d4 d5 3. Nd2 Nf6 4. Bd3 c5 5. e5 Nfd7 6. c3 Nc6 7. Ngf3 Qb6 8. O-O
cxd4 9. cxd4 Nxd4 10. Nxd4 Qxd4 11. Nf3 Qb6 12. Qa4 Qb4 13. Qc2 g6 14. Bd2 Qb6
15. Be3 Qd8 16. Rac1 Nb6 17. Bg5 Be7 18. Bh6 Bd7 19. Qd2 Rg8 20. Qf4 Bc6 21.
Nd4 Rc8 22. Nb5 Bxb5 23. Bxb5+ Nd7 24. Rxc8 Qxc8 25. Rc1 Qd8 26. Qa4 a6 27.
Bxd7+ Qxd7 28. Rc8+ Bd8 29. Qc2 f6 30. exf6 Kf7 31. Bg7 Bb6 32. Rc3 d4 33. Rh3
Rc8 34. Qd1 h5 35. g4 e5 36. Qb3+ Qe6 37. gxh5 gxh5 38. Qxe6+ Kxe6 39. Rb3 Bd8
40. f7 Kxf7 41. Bxe5 Bf6 42. Rf3 Rc6 43. Bxd4 b6 44. Rxf6+ Rxf6 45. Bxf6 Kxf6
46. Kg2 Kf5 47. Kf3 b5 48. b4 Ke5 49. Ke3 Kd5 50. f4 Ke6 51. Ke4 1-0

[Event "DEM U16 2010"]
[Site "Oberhof GER"]
[Date "2010.05.25"]
[Round "5"]
[White "Grzeca, Pascal"]
[Black "Hötte, Philipp"]
[Result "0-1"]
[Termination "normal"]
[Board "13"]
[WhiteElo "1887"]
[BlackElo "1942"]
[PlyCount "88"]
[WhiteFideId "24600741"]
[BlackFideId "24696390"]
[EventCountry "GER"]
[EventRounds "9"]
[EventType "swiss"]
[EventDate "2010.05.22"]

1. e4 c5 2. Ne2 d6 3. Nbc3 Nf6 4. d4 cxd4 5. Nxd4 a6 6. Be2 e5 7. Nb3 Be7 8.
Qd3 Be6 9. O-O Nbd7 10. Nd5 O-O 11. Rd1 Rc8 12. c3 Bxd5 13. exd5 Nb6 14. Qg3
Ne4 15. Qd3 f5 16. Be3 Nc4 17. Rab1 Nxe3 18. Qxe3 Bh4 19. Rf1 Bg5 20. Qh3 g6
21. Bd3 Nf6 22. f4 Bxf4 23. Nd4 Ng4 24. Ne6 Qb6+ 25. Kh1 Nf2+ 26. Rxf2 Qxf2 27.
Rf1 Qe3 28. Qxe3 Bxe3 29. Re1 Bd2 30. Rd1 Bh6 31. Nxf8 Kxf8 32. Kg1 e4 33. Bc2
Ke7 34. Kf2 Kf6 35. Ba4 b5 36. Bb3 Ke5 37. Ke2 a5 38. a4 Rb8 39. Rb1 bxa4 40.
Ba2 g5 41. b4 axb3 42. Rxb3 Rxb3 43. Bxb3 f4 44. h3 Bg7 0-1

[Event "DEM U16 2010"]
[Site "Oberhof GER"]
[Date "2010.05.26"]
[Round "6"]
[White "Dünzel, Jonas"]
[Black "Göbel, Constantin"]
[Result "1-0"]
[Termination "normal"]
[Board "1"]
[WhiteElo "2037"]
[BlackElo "2011"]
[PlyCount "89"]
[WhiteFideId "24631167"]
[BlackFideId "24647071"]
[EventCountry "GER"]
[EventRounds "9"]
[EventType "swiss"]
[EventDate "2010.05.22"]

1. e4 e6 2. d4 d5 3. Nc3 Bb4 4. exd5 exd5 5. Bd3 Ne7 6. Nge2 Bf5 7. Ng3 Bxd3 8.
Qxd3 Qd7 9. O-O Nbc6 10. a3 Bxc3 11. Qxc3 Qg4 12. Be3 h5 13. f3 Qg6 14. b4 a6
15. a4 h4 16. Ne2 h3 17. Nf4 Qd6 18. Nxh3 Qxb4 19. Qxb4 Nxb4 20. Rfc1 Nf5 21.
Bf2 Nc6 22. c3 Na5 23. Re1+ Kd7 24. Nf4 Ne7 25. Nd3 Nec6 26. Nc5+ Kc8 27. Re2
b6 28. Nd3 Kb7 29. Ne5 Nxe5 30. Rxe5 Rad8 31. Re7 Rhf8 32. Bg3 Rc8 33. Rae1 Kc6
34. Be5 Nc4 35. Bxg7 Rg8 36. Bh6 Rg6 37. Bf4 Rf6 38. Bg5 Rg6 39. h4 Nb2 40. Ra1
f5 41. Rf7 Re6 42. Rxf5 Re2 43. h5 Rce8 44. h6 Rc2 45. Re5 1-0

[Event "DEM U16 2010"]
[Site "Oberhof GER"]
[Date "2010.05.26"]
[Round "6"]
[White "Miller, Eduard"]
[Black "Wenninger, Philipp"]
[Result "1-0"]
[Termination "normal"]
[Board "3"]
[WhiteElo "2033"]
[BlackElo "1996"]
[PlyCount "79"]
[WhiteFideId "24687022"]
[BlackFideId "4648404"]
[EventCountry "GER"]
[EventRounds "9"]
[EventType "swiss"]
[EventDate "2010.05.22"]

1. c4 e5 2. Nc3 Nf6 3. Nf3 Nc6 4. g3 d5 5. cxd5 Nxd5 6. Bg2 Be6 7. O-O Be7 8.
d4 exd4 9. Nxd4 Nxd4 10. Qxd4 Nxc3 11. Qxc3 O-O 12. Bxb7 Rb8 13. Bg2 Bf6 14.
Qa3 Qd4 15. Be3 Qxb2 16. Qxa7 Qxa1 17. Rxa1 Bxa1 18. h4 Be5 19. a4 Rb1+ 20. Kh2
Rb4 21. Bc5 Rxh4+ 22. Kg1 Rc4 23. Bxf8 Kxf8 24. a5 Bd4 25. Qb8+ Ke7 26. e3 Bb6
27. axb6 cxb6 28. Qxb6 Rc1+ 29. Kh2 Rd1 30. Bf3 Rd7 31. Kg2 g6 32. Qc5+ Kf6 33.
Bc6 Rd8 34. Qc3+ Ke7 35. Qb4+ Rd6 36. e4 f6 37. f4 Bd7 38. e5 Bxc6+ 39. Kf2
fxe5 40. fxe5 1-0

[Event "DEM U16 2010"]
[Site "Oberhof GER"]
[Date "2010.05.26"]
[Round "6"]
[White "Mons, Leon"]
[Black "Bräuer, Franz"]
[Result "0-1"]
[Termination "normal"]
[Board "4"]
[WhiteElo "2167"]
[BlackElo "1993"]
[PlyCount "64"]
[WhiteFideId "4614950"]
[BlackFideId "24634468"]
[EventCountry "GER"]
[EventRounds "9"]
[EventType "swiss"]
[EventDate "2010.05.22"]

1. d4 Nf6 2. c4 c5 3. Nf3 cxd4 4. Nxd4 b6 5. Nc3 Bb7 6. f3 d6 7. e4 e6 8. Bd3
Be7 9. O-O O-O 10. Kh1 a6 11. b3 Qc7 12. Bb2 Nbd7 13. Rc1 Rac8 14. Bb1 Qb8 15.
f4 Nc5 16. Qe2 Rfd8 17. Rce1 Bf8 18. Rf3 d5 19. cxd5 exd5 20. e5 Nfe4 21. b4
Ne6 22. Nxe6 fxe6 23. Bxe4 dxe4 24. Nxe4 Bxb4 25. Nf6+ Kh8 26. Rg3 Rd2 27. Qh5
gxf6 28. Qf7 Bxg2+ 29. Rxg2 Rxg2 30. Kxg2 Rg8+ 31. Kh3 Bxe1 32. exf6 Qxf4 0-1

[Event "DEM U16 2010"]
[Site "Oberhof GER"]
[Date "2010.05.26"]
[Round "6"]
[White "Titgemeyer, Sven"]
[Black "Sarchisov, Slavik"]
[Result "1/2-1/2"]
[Termination "normal"]
[Board "5"]
[WhiteElo "1957"]
[BlackElo "2102"]
[PlyCount "120"]
[WhiteFideId "24676934"]
[BlackFideId "24647888"]
[EventCountry "GER"]
[EventRounds "9"]
[EventType "swiss"]
[EventDate "2010.05.22"]

1. e4 c5 2. Nf3 d6 3. d4 cxd4 4. Nxd4 Nf6 5. Nc3 a6 6. Bg5 Nbd7 7. Qd2 e6 8.
O-O-O b5 9. f4 h6 10. Bh4 Nxe4 11. Nxe4 Qxh4 12. Nf3 Qe7 13. Nxd6+ Qxd6 14.
Qxd6 Bxd6 15. Rxd6 Ke7 16. Rd4 Bb7 17. Be2 Nb6 18. Rhd1 Rad8 19. g3 Rd5 20. Ne5
g5 21. Bf3 Rxd4 22. Rxd4 Bxf3 23. Nxf3 f6 24. h4 gxh4 25. Nxh4 Rg8 26. Rd3 f5
27. Kd1 Nc4 28. Rb3 Nd6 29. Rc3 Ne4 30. Rc7+ Kd6 31. Rh7 Rxg3 32. Rxh6 Kd5 33.
Ke2 Rg1 34. Rh8 Rb1 35. Ra8 Rxb2 36. Rxa6 Rxc2+ 37. Ke3 Rc3+ 38. Ke2 Rg3 39.
Nf3 Nc3+ 40. Ke3 Nd1+ 41. Ke2 Nc3+ 42. Ke3 Rh3 43. Ra5 Kc5 44. Ra6 Nd5+ 45. Kf2
Nxf4 46. Ng5 Rh6 47. Kf3 Rg6 48. Nf7 Ng2 49. Ne5 Nh4+ 50. Kf4 Rg1 51. Rxe6 Kd5
52. Rb6 Rb1 53. a3 Rb3 54. Nf7 Kc4 55. Nd6+ Kc5 56. Rxb5+ Rxb5 57. Nxb5 Kxb5
58. Kg5 Kc4 59. a4 Kd4 60. a5 Kc5 1/2-1/2